MLB - Immaculate Innings (Difficult) - Statistics

General Stats
  • This quiz has been taken 293 times
    276 since last reset
  • The average score is 8 of 56
Answer Stats
Year Team Inning Player % Correct
1972 California Angels 2nd Nolan Ryan
72%
1968 New York Mets 3rd Nolan Ryan
72%
2001 Arizona Diamondbacks 6th Randy Johnson
71%
2002 Boston Red Sox 1st Pedro Martinez
58%
1964 Los Angeles Dodgers 3rd Sandy Koufax
57%
1962 Los Angeles Dodgers 1st Sandy Koufax
57%
1969 St. Louis Cardinals 7th Bob Gibson
41%
2008 Seattle Mariners 4th Felix Hernandez
37%
2014 Philadelphia Phillies 3rd Cole Hamels
30%
1991 New York Mets 5th David Cone
28%
1928 Philadelphia Athletics 7th Lefty Grove
21%
1928 Philadelphia Athletics 2nd Lefty Grove
21%
1984 New York Yankees 9th Ron Guidry
21%
1985 Kansas City Royals 7th Danny Jackson
18%
2014 Los Angeles Angels 2nd Garrett Richards
15%
1992 San Francisco Giants 9th Trevor Wilson
15%
1977 Chicago Cubs 9th Bruce Sutter
13%
2002 Arizona Diamondbacks 8th Byung-Hyun Kim
12%
1989 Cincinnati Reds 8th Rob Dibble
12%
2009 New York Yankees 3rd A.J. Burnett
10%
2011 Washington Nationals 2nd Jordan Zimmermann
10%
1924 Brooklyn Dodgers 2nd Dazzy Vance
9%
2004 Milwaukee Brewers 3rd Ben Sheets
8%
2012 Boston Red Sox 6th Clay Buchholz
8%
1959 Detroit Tigers 9th Jim Bunning
8%
1902 Philadelphia Athletics 3rd Rube Waddell
8%
2002 St. Louis Cardinals 9th Jason Isringhausen
7%
2014 Cleveland Indians 4th Justin Masterson
7%
1990 Kansas City Royals 8th Jeff Montgomery
5%
1987 Pittsburgh Pirates 8th Jeff Robinson
5%
2010 Tampa Bay Rays 9th Rafael Soriano
5%
2004 Chicago Cubs 9th LaTroy Hawkins
4%
1971 Chicago Cubs 4th Milt Pappas
4%
2014 Colorado Rockies 8th Rex Brothers
4%
1967 New York Yankees 2nd Al Downing
3%
2013 New York Yankees 8th Ivan Nova
3%
2011 Philadelphia Phillies 10th Juan Perez
3%
2012 Arizona Diamondbacks 3rd Wade Miley
3%
1991 Philadelphia Phillies 4th Andy Ashby
2%
2014 Tampa Bay Rays 6th Brad Boxberger
2%
1889 Boston Beaneaters 3rd John Clarkson
2%
1994 Montreal Expos 9th Mel Rojas
2%
2008 Oakland Athletics 1st Rich Harden
2%
2013 Toronto Blue Jays 8th Steve Delabar
2%
1953 Detroit Tigers 7th Billy Hoeft
1%
1964 Houston Colt .45's 8th Bob Bruce
1%
2004 Houston Astros 8th Brandon Backe
1%
2002 San Diego Padres 3rd Brian Lawrence
1%
1914 Brooklyn Dodgers 8th Pat Ragan
1%
1991 Houston Astros 7th Pete Harnisch
1%
2006 Milwaukee Brewers 1st Rich Helling
1%
1923 Chicago White Sox 12th Sloppy Thurston
1%
2007 Atlanta Braves 4th Buddy Carlyle
0%
1921 Boston Braves 4th Joe Oeschger
0%
1997 Houston Astros 9th Mike Magnante
0%
2009 Pittsburgh Pirates 7th Ross Ohlendorf
0%
No matching quizzes found
Score Distribution
Percent of People with Each Score
Percentile by Number Answered
Your Score History
You have not taken this quiz since the last reset